00429nam a2200157Ia 4500003000900000008004100009020001800050040001600068080001600084100001600100245007700116260004000193300000900233650001700242650001200259IN-BaIIA211028s9999 xx 000 0 eng d a81-7371-155-0 cIIA Library a681.11bMUL aMuller, Sam 0aMaking a clock-accurate sundialbcustomized to your locationcSam Muller aHyderabadbUniversities Pressc1999 a58p. aClock making aSundial